000 00343nam a2200157Ia 4500
100 _aBarnett/Richard
650 _aProgramming
942 _cBK
366 _f20
245 _aEmbedded C Programming and the Atmel AVR
260 _bCengage Learning
_c2007
082 _a003.3/BAR
_bBAR
300 _a459
546 _aENGLISH
999 _c22268
_d22268